[Event "Kvibergspelen 2017"]
[Site "Gothenburg"]
[Date "2017.05.05"]
[Round "1.1"]
[White "Rozentalis, Eduardas"]
[Black "Westerlund, Ola"]
[Result "1-0"]
[WhiteElo "2535"]
[BlackElo "1912"]

1.e4 d6 2.d4 Nf6 3.Nc3 g6 4.Nf3 Bg7 5.Be2 O-O 6.O-O c6 7.a4 b6 8.h3 Bb7 9.
e5 Nfd7 10.e6 fxe6 11.Ng5 Rf6 12.Nce4 Nf8 13.Bg4 Bc8 14.Re1 Rf5 15.Bxf5 
exf5 16.Nc3 Qc7 17.d5 c5 18.Nf3 Nbd7 19.Rxe7 Qd8 20.Re1 Nf6 21.Ng5 Bb7 22.
Ne6 Nxe6 23.Rxe6 Bc8 24.Re1 Bd7 25.Bf4 Bf8 26.Qd2 a6 27.Bg5 Be7 28.Re2 Qf8
29.Rae1 Bd8 30.Qf4 b5 31.Bh6 Qf7 32.Qxd6 b4 33.Re7 1-0

[Event "Kvibergspelen 2017"]
[Site "Gothenburg"]
[Date "2017.05.05"]
[Round "1.2"]
[White "Bozic, Zoran"]
[Black "Tikkanen, Hans"]
[Result "0-1"]
[WhiteElo "1909"]
[BlackElo "2504"]

1.c4 e5 2.g3 Nf6 3.Bg2 d5 4.cxd5 Nxd5 5.Nf3 Nc6 6.O-O Nb6 7.d3 Be7 8.Nbd2 
O-O 9.b3 f6 10.a3 Be6 11.Bb2 Qd7 12.Rc1 Bh3 13.b4 Bxg2 14.Kxg2 Kh8 15.Qc2 
Rac8 16.Ne4 Nd5 17.Nc3 Nd8 18.Nxd5 Qxd5 19.Qc4 Qd7 20.Rfd1 Ne6 21.h3 a6 
22.Qg4 c5 23.Nh4 cxb4 24.axb4 Rfd8 25.Rxc8 Rxc8 26.Rc1 Rxc1 27.Bxc1 Qc6+ 
28.Kh2 Nd4 29.Qh5 Kg8 30.Bd2 Bf8 31.Be3 Nc2 32.Bc5 Bxc5 33.bxc5 Qxc5 34.
Qe8+ Qf8 35.Qe6+ Kh8 36.Qb6 Qc8 37.e3 h6 38.Ng6+ Kh7 39.Ne7 Qd7 40.Qc5 Ne1
41.d4 exd4 42.exd4 Nf3+ 43.Kg2 Nxd4 44.g4 a5 45.Kf1 Qb5+ 0-1

[Event "Kvibergspelen 2017"]
[Site "Gothenburg"]
[Date "2017.05.05"]
[Round "1.3"]
[White "Hector, Jonny"]
[Black "Andersson, Stig"]
[Result "1-0"]
[WhiteElo "2498"]
[BlackElo "1900"]

1.e4 c6 2.d4 Nf6 3.Nc3 g6 4.Bd3 Bg7 5.f4 O-O 6.Nf3 d5 7.e5 Ng4 8.h3 Nh6 9.
g4 f6 10.Qe2 fxe5 11.fxe5 Qb6 12.Bd2 Be6 13.O-O-O c5 14.Na4 Qc6 15.Nxc5 
Nf7 16.Kb1 a6 17.Nxe6 Qxe6 18.c4 b5 19.cxd5 Qb6 20.Bb4 a5 21.Bxe7 Rc8 22.
Bxb5 Na6 23.Bxa6 Rxa6 24.Rc1 Rb8 25.Rc6 Qb7 26.Rxa6 Qxe7 27.Rc1 Bh6 28.Rc2
Qb4 29.Rac6 a4 30.Rc8+ Bf8 31.Rxb8 Qxb8 32.d6 a3 33.Qc4 Kg7 34.Ng5 Nxg5 
35.Qc7+ Qxc7 36.dxc7 1-0

[Event "Kvibergspelen 2017"]
[Site "Gothenburg"]
[Date "2017.05.05"]
[Round "1.4"]
[White "Wiklund, Johan"]
[Black "Akesson, Ralf"]
[Result "0-1"]
[WhiteElo "1886"]
[BlackElo "2460"]

1.Nf3 g6 2.c4 Bg7 3.Nc3 f5 4.b4 e5 5.e4 d6 6.Bb2 Nf6 7.d3 O-O 8.Be2 Kh8 9.
Qc2 Nc6 10.b5 Nd4 11.Nxd4 exd4 12.Nd5 fxe4 13.dxe4 Nd7 14.O-O c6 15.Nb4 c5
16.Nd5 Nf6 17.a4 Bd7 18.a5 Nxd5 19.exd5 Qh4 20.Bd3 g5 21.a6 b6 22.Rae1 Be5
23.g3 Qh3 24.Re2 Bg4 25.Be4 Bxe2 26.Qxe2 Rae8 27.Qd3 Bg7 28.Bc1 Re5 29.Bg2
Qh5 30.f4 Qe2 31.Qxe2 Rxe2 32.fxg5 Rxf1+ 33.Bxf1 Re1 34.Bf4 d3 35.Kf2 Rd1 
36.Bxd3 Rxd3 37.Bxd6 Bd4+ 38.Kg2 Re3 39.Bc7 Re7 40.d6 Rd7 41.Kf3 Be5 42.
Ke4 Bxd6 43.Kd5 Bxc7+ 44.Kc6 0-1

[Event "Kvibergspelen 2017"]
[Site "Gothenburg"]
[Date "2017.05.05"]
[Round "1.5"]
[White "Westerberg, Jonathan"]
[Black "Tillman, Jan-Olof"]
[Result "1-0"]
[WhiteElo "2460"]
[BlackElo "1885"]

1.e4 c5 2.Nf3 e6 3.c3 d5 4.exd5 exd5 5.d4 Nf6 6.Bb5+ Bd7 7.Bxd7+ Nbxd7 8.
O-O Be7 9.dxc5 Nxc5 10.Be3 O-O 11.Nbd2 Qc7 12.Nb3 Rad8 13.Nxc5 Bxc5 14.
Bxc5 Qxc5 15.Qb3 b6 16.Rad1 Rfe8 17.Rd2 h6 18.Rfd1 Re6 19.Qa4 Ne4 20.Rd4 
Nf6 21.c4 Re2 22.b4 Qe7 23.cxd5 Rxd5 24.Qa6 Rxd4 25.Rxd4 1-0

[Event "Kvibergspelen 2017"]
[Site "Gothenburg"]
[Date "2017.05.05"]
[Round "1.7"]
[White "Lindberg, Bengt"]
[Black "Agovic, Sejfo"]
[Result "1-0"]
[WhiteElo "2387"]
[BlackElo "1864"]

1.e4 c5 2.Nf3 d6 3.d4 cxd4 4.Nxd4 Nf6 5.Nc3 a6 6.Be3 e5 7.Nb3 Be7 8.h3 Be6
9.g4 h6 10.Bg2 Nc6 11.Nd5 Bxd5 12.exd5 Nb8 13.f4 Nbd7 14.O-O Rc8 15.Kh1 
Qc7 16.fxe5 Nxe5 17.Nd4 O-O 18.Nf5 Ng6 19.Rf2 Rfe8 20.Bd4 Ne5 21.b3 Bf8 
22.c4 Nh7 23.Qd2 b5 24.cxb5 axb5 25.Raf1 Ng5 26.h4 Nxg4 27.Rf4 h5 28.hxg5 
Qc2 29.Qxc2 Rxc2 30.Ng3 Rd2 31.Nxh5 Ne3 32.Bxe3 Rxe3 33.Rxf7 Re8 34.g6 
Rxa2 35.Nf4 Be7 36.Bh3 Bf6 37.Be6 Kh8 38.Nh5 Ra1 39.Rxf6 gxf6 40.Rxa1 Rd8 
41.Ra7 1-0

[Event "Kvibergspelen 2017"]
[Site "Gothenburg"]
[Date "2017.05.05"]
[Round "1.8"]
[White "Nystrom, Jonas"]
[Black "Ernst, Thomas"]
[Result "0-1"]
[WhiteElo "1860"]
[BlackElo "2382"]

1.e4 c5 2.Nf3 d6 3.d4 cxd4 4.Nxd4 Nf6 5.Nc3 a6 6.h3 e6 7.Be2 Nc6 8.Be3 Be7
9.a4 d5 10.exd5 exd5 11.O-O O-O 12.Nxc6 bxc6 13.Bf3 Bd6 14.Ne2 Rb8 15.Nd4 
Bd7 16.b3 Qe7 17.Be2 a5 18.Bg5 Be5 19.Rc1 Bxd4 20.Qxd4 Qxe2 21.Bxf6 gxf6 
22.Qxf6 Qe6 23.Qc3 Qg6 24.Rcd1 Bf5 25.Rd4 Rb4 26.Rfd1 Bxc2 27.Rc1 Rxd4 28.
Qxd4 Be4 29.g3 Qh6 30.Ra1 0-1

[Event "Kvibergspelen 2017"]
[Site "Gothenburg"]
[Date "2017.05.05"]
[Round "1.9"]
[White "Arman, Deniz"]
[Black "Ljunggren, Jacob"]
[Result "1-0"]
[WhiteElo "2377"]
[BlackElo "1860"]

1.e4 e5 2.Nf3 Nc6 3.Bb5 a6 4.Ba4 Nf6 5.O-O Nxe4 6.d4 exd4 7.Re1 d5 8.Bxc6+
bxc6 9.Qxd4 Be6 10.Qa4 Bd6 11.Nc3 O-O 12.Nxe4 dxe4 13.Qxe4 Bd5 14.Qd3 h6 
15.Bd2 Qf6 16.Bc3 Qf4 17.Be5 Qg4 18.h3 Qd7 19.Qc3 f6 20.Bxd6 cxd6 21.Re3 
Rae8 22.Rae1 Bxf3 23.Rxf3 Rxe1+ 24.Qxe1 Re8 25.Qa5 Qb7 26.Rb3 Qa7 27.Qb6 
Re1+ 28.Kh2 Qe7 29.Qxc6 Qe5+ 30.g3 Rc1 31.Qf3 Rxc2 32.Rb8+ Kh7 33.Qd3+ 1-0

[Event "Kvibergspelen 2017"]
[Site "Gothenburg"]
[Date "2017.05.05"]
[Round "1.10"]
[White "Wallenas, Daniel"]
[Black "Andreasson, Ingvar"]
[Result "0-1"]
[WhiteElo "1855"]
[BlackElo "2356"]

1.c4 g6 2.Nc3 Bg7 3.d4 d6 4.e4 Nf6 5.f3 O-O 6.Be3 c5 7.dxc5 dxc5 8.Qxd8 
Rxd8 9.Bxc5 Nc6 10.Rd1 Rxd1+ 11.Kxd1 Nd7 12.Ba3 e6 13.Bd3 Nde5 14.Ke2 b6 
15.f4 Nxd3 16.Kxd3 Ba6 17.Nb5 Rd8+ 18.Nd6 e5 19.Nf3 exf4 20.Kc2 Ne5 21.Rd1
Ng4 22.Kc1 h6 23.b4 Ne3 24.Rd2 Nxc4 25.Nxc4 Rc8 0-1

[Event "Kvibergspelen 2017"]
[Site "Gothenburg"]
[Date "2017.05.05"]
[Round "2.1"]
[White "Al Waeli, Laith"]
[Black "Rozentalis, Eduardas"]
[Result "0-1"]
[WhiteElo "2065"]
[BlackElo "2535"]

1.e4 e6 2.Nf3 d5 3.e5 c5 4.b4 cxb4 5.d4 Bd7 6.a3 b3 7.cxb3 Qb6 8.Nc3 Nc6 
9.b4 Rc8 10.Na4 Qc7 11.Bd2 Nh6 12.Rc1 a6 13.Bd3 Qd8 14.O-O Nf5 15.Bxf5 
exf5 16.Bg5 Be7 17.Bxe7 Nxe7 18.Rxc8 Bxc8 19.Nc5 O-O 20.Re1 f4 21.Qe2 b6 
22.Nxa6 Bg4 23.b5 Qd7 24.e6 Bxe6 25.Ne5 Qc8 26.Qd2 Ng6 27.Rc1 Qd8 28.Nxg6 
fxg6 29.Nc7 Bc8 30.f3 Qg5 31.Qa2 Rd8 32.Nxd5 Be6 33.Ne7+ Qxe7 34.Qe2 Qf6 
35.h4 Qxd4+ 36.Kh2 Qf6 37.Qf2 Bd7 38.a4 h6 39.Rd1 Bc8 40.Rxd8+ Qxd8 41.a5 
bxa5 42.b6 Kh7 43.h5 gxh5 44.Qc2+ Kh8 45.Qb2 Bb7 46.Qe5 Qxb6 47.Qxf4 Kh7 
48.Qf5+ Qg6 49.Qxa5 h4 50.Qb4 Bc6 51.Qxh4 Qf5 52.Qg3 Bd5 53.Qh4 h5 54.g4 
Qe5+ 55.Kh3 Bxf3 56.Qxh5+ Qxh5+ 57.gxh5 Bxh5 0-1

[Event "Kvibergspelen 2017"]
[Site "Gothenburg"]
[Date "2017.05.05"]
[Round "2.2"]
[White "Tikkanen, Hans"]
[Black "Bjorkeroth, Johan"]
[Result "1-0"]
[WhiteElo "2504"]
[BlackElo "2064"]

1.d4 Nf6 2.Nf3 e6 3.Bf4 b6 4.e3 Bb7 5.Bd3 Be7 6.h3 d5 7.Nbd2 a6 8.c3 c5 9.
Ne5 Nc6 10.O-O O-O 11.Re1 b5 12.Qe2 Qa5 13.dxc5 b4 14.Nb3 Qa4 15.Nxc6 Bxc6
16.cxb4 Qxb4 17.Bxa6 Ne4 18.Nd4 Qa4 19.Bd3 Nxc5 20.b3 Qa3 21.Nxc6 Bf6 22.
Be5 Bxe5 23.Bxh7+ 1-0

[Event "Kvibergspelen 2017"]
[Site "Gothenburg"]
[Date "2017.05.05"]
[Round "2.3"]
[White "Gillefalk, Bjorn"]
[Black "Hector, Jonny"]
[Result "0-1"]
[WhiteElo "2064"]
[BlackElo "2498"]

1.e4 e5 2.Nf3 Nc6 3.Bb5 Bc5 4.c3 f5 5.d4 fxe4 6.Bxc6 dxc6 7.Nxe5 Qd5 8.Bf4
Bd6 9.O-O Nf6 10.c4 Qe6 11.Nc3 O-O 12.c5 Nd5 13.Nxd5 cxd5 14.cxd6 cxd6 15.
Bg3 dxe5 16.Bxe5 Bd7 17.Qb3 Bc6 18.Rae1 Rae8 19.Re3 Rf7 20.f4 a6 21.Rg3 
Bb5 22.Rc1 Bc4 23.Qa3 Bd3 24.Qd6 Qxd6 25.Bxd6 g6 26.Kf2 Rd7 27.Be5 Kf7 28.
f5 Bb5 29.fxg6+ hxg6 30.Ke3 Re6 31.Rh3 g5 32.g4 Re8 33.Rc2 Kg6 34.Rf2 Rf7 
35.Rxf7 Kxf7 36.Rh7+ Ke6 37.Rxb7 Rc8 38.Rb6+ Kf7 39.Rf6+ Ke8 40.Rg6 Rc2 
41.Rxg5 Re2+ 42.Kf4 Rxh2 43.Kf5 Bd7+ 44.Kg6 Rxb2 45.Bd6 Rb6 46.Re5+ Kd8 
0-1

[Event "Kvibergspelen 2017"]
[Site "Gothenburg"]
[Date "2017.05.05"]
[Round "2.4"]
[White "Akesson, Ralf"]
[Black "Dahlgren, Jonas"]
[Result "1-0"]
[WhiteElo "2460"]
[BlackElo "2052"]

1.d4 Nf6 2.c4 e5 3.dxe5 Ng4 4.Bf4 Nc6 5.Nf3 Bb4+ 6.Nbd2 Qe7 7.a3 Ngxe5 8.
Nxe5 Nxe5 9.e3 Bxd2+ 10.Qxd2 d6 11.Qc3 b6 12.c5 bxc5 13.Bb5+ c6 14.Bxe5 
cxb5 15.Bxg7 Rg8 16.O-O-O Bf5 17.f3 a5 18.Rd2 b4 19.Qf6 bxa3 20.bxa3 Qxf6 
21.Bxf6 Kd7 22.Rhd1 Kc7 23.g4 Be6 24.Rxd6 Rab8 25.Be5 Kb7 26.R6d2 Rbc8 27.
Rb2+ Ka8 28.Rd6 Bc4 29.Rd7 Rgd8 30.Re7 Rc6 31.Rbb7 Ra6 32.Rbc7 Bb3 33.Rxc5
a4 34.Bd4 h6 35.Kb2 Rb8 36.Be5 Rd8 37.Kc3 1-0

[Event "Kvibergspelen 2017"]
[Site "Gothenburg"]
[Date "2017.05.05"]
[Round "2.5"]
[White "Fendrich, Peter"]
[Black "Westerberg, Jonathan"]
[Result "0-1"]
[WhiteElo "2059"]
[BlackElo "2460"]

1.d4 d5 2.Bf4 Nf6 3.e3 e6 4.Nf3 c5 5.c3 Nc6 6.Nbd2 Bd6 7.Bg3 O-O 8.Bd3 b6 
9.e4 Be7 10.e5 Nd7 11.O-O cxd4 12.cxd4 Nb4 13.Bb1 Ba6 14.Re1 Bd3 15.a3 
Bxb1 16.Qxb1 Nc6 17.Qd3 Qc8 18.Bh4 Bxh4 19.Nxh4 Qb7 20.f4 Ne7 21.f5 exf5 
22.Nxf5 Nxf5 23.Qxf5 Rfe8 24.Nf1 Nf8 25.Ne3 Ne6 26.Red1 Red8 27.Qf3 Rac8 
28.Nf5 Rc2 29.Nd6 Qd7 30.Qb3 Re2 31.Qxd5 Nf4 32.Qf3 Rxg2+ 33.Kh1 Qg4 34.
Qb7 Qh5 35.Qxg2 Nxg2 36.Kxg2 Qg4+ 37.Kh1 Qf3+ 38.Kg1 Qe3+ 39.Kh1 f6 40.
exf6 Qf3+ 41.Kg1 Rxd6 42.Rf1 Qe3+ 43.Kh1 Rxf6 44.Rxf6 gxf6 45.Rg1+ Kf7 0-1

[Event "Kvibergspelen 2017"]
[Site "Gothenburg"]
[Date "2017.05.05"]
[Round "2.7"]
[White "Troberg Eskola, Love"]
[Black "Lindberg, Bengt"]
[Result "0-1"]
[WhiteElo "2031"]
[BlackElo "2387"]

1.e4 c5 2.Nf3 e6 3.c3 Nf6 4.e5 Nd5 5.d4 cxd4 6.cxd4 d6 7.a3 Bd7 8.Bd3 Bc6 
9.O-O Nd7 10.Qe2 Rc8 11.Re1 h6 12.b4 a6 13.g3 b5 14.Bb2 N5b6 15.exd6 Bxd6 
16.d5 Nxd5 17.Bxg7 Rg8 18.Bxh6 Qf6 19.Bh7 Rh8 20.Bg5 Qxa1 21.Qxe6+ fxe6 
22.Rxe6+ Kf7 23.Bg6+ Kxe6 0-1

[Event "Kvibergspelen 2017"]
[Site "Gothenburg"]
[Date "2017.05.05"]
[Round "2.8"]
[White "Ernst, Thomas"]
[Black "Horn, Emilia"]
[Result "0-1"]
[WhiteElo "2382"]
[BlackElo "2026"]

1.e4 e5 2.Nf3 Nc6 3.Bb5 Nf6 4.O-O Nxe4 5.d4 Nd6 6.Bxc6 dxc6 7.dxe5 Nf5 8.
Qxd8+ Kxd8 9.Nc3 h6 10.h3 Bb4 11.Ne2 a6 12.Nf4 Bc5 13.g4 Ne7 14.Nh5 Rg8 
15.Kg2 Ke8 16.c4 b5 17.cxb5 cxb5 18.Bf4 Nd5 19.Bg3 Bb7 20.Rac1 Bb6 21.Nf4 
Rd8 22.Rfd1 Ke7 23.b3 c5 24.Nxd5+ Rxd5 25.Rxd5 Bxd5 26.Bf4 c4 27.bxc4 Bxc4
28.Kg3 Rd8 29.Nd2 Bxa2 30.Ra1 Be6 31.Rxa6 Bd4 32.Nf3 Bc3 33.Be3 b4 34.Bc5+
Ke8 35.Ra7 Rc8 36.Bd4 b3 37.Rb7 Bd5 38.Rb5 Bxf3 39.Rxb3 Bxd4 40.Kxf3 Bxe5 
41.Ke4 Bd6 42.Kf3 Ke7 43.Rb2 Rc3+ 44.Kg2 Rc5 45.Kf3 f5 46.Kg2 g5 47.Rb7+ 
Kf6 48.Rb6 Ke6 49.gxf5+ Rxf5 50.Ra6 h5 51.Rb6 Ke5 52.Rb5+ Kf4 53.Rb2 Bc5 
54.Rc2 Rd5 55.Rc4+ Bd4 56.Ra4 Kf5 57.Rb4 Ke4 58.f3+ Ke3 59.h4 Rc5 60.hxg5 
Rxg5+ 61.Kh3 Be5 62.Kh4 Bf6 63.Kh3 Kxf3 64.Rb3+ Ke4 65.Rb4+ Bd4 66.Kh4 Rd5
67.Ra4 Kf3 68.Kh3 Be3 69.Ra1 Rd2 70.Rf1+ Bf2 71.Ra1 Rd4 72.Ra3+ Be3 73.Rb3
Rd1 74.Kh2 h4 75.Ra3 Re1 76.Rb3 Kg4 77.Rb2 h3 78.Rb1 Bf4# 0-1

[Event "Kvibergspelen 2017"]
[Site "Gothenburg"]
[Date "2017.05.05"]
[Round "2.9"]
[White "Svorono, Gabriel"]
[Black "Arman, Deniz"]
[Result "0-1"]
[WhiteElo "2022"]
[BlackElo "2377"]

1.e4 Nc6 2.Nf3 f5 3.exf5 d5 4.d4 Bxf5 5.Bd3 Bg4 6.c3 e5 7.dxe5 Nxe5 8.Be2 
Bxf3 9.Bxf3 Nxf3+ 10.Qxf3 Nf6 11.O-O Be7 12.Qd3 O-O 13.Be3 Bd6 14.h3 Qe8 
15.Nd2 Qh5 16.Rae1 c5 17.Nf3 h6 18.a3 Rad8 19.b4 c4 20.Qc2 Ne4 21.Nd4 Rf6 
22.Qe2 Qxe2 23.Nxe2 Be5 24.Rc1 Ra6 25.f3 Nd6 26.Ra1 Nb5 27.Rfc1 Ra4 28.Nd4
Bxd4 29.Bxd4 b6 30.Re1 Kf7 31.Re5 Rd7 32.Rf5+ Kg6 33.g4 Rxa3 34.Rxa3 Nxa3 
35.Kf2 Nb5 36.Be5 d4 37.Bxd4 Nxd4 38.cxd4 c3 39.Re5 Rxd4 0-1

[Event "Kvibergspelen 2017"]
[Site "Gothenburg"]
[Date "2017.05.05"]
[Round "2.10"]
[White "Andreasson, Ingvar"]
[Black "Kleimark, Anders"]
[Result "1-0"]
[WhiteElo "2356"]
[BlackElo "2008"]

1.b3 e5 2.Bb2 Nc6 3.e3 Nf6 4.Bb5 d6 5.d4 exd4 6.Qxd4 Bd7 7.Bxc6 Bxc6 8.Nf3
Be7 9.Nc3 Qd7 10.O-O-O Qg4 11.Rhg1 Qxd4 12.Nxd4 Bd7 13.f3 O-O-O 14.g4 h5 
15.g5 Ne8 16.Nd5 Bf8 17.Ne2 c6 18.Ndf4 Nc7 19.e4 Ne6 20.c4 h4 21.Nxe6 fxe6
22.f4 Re8 23.c5 d5 24.b4 a5 25.a3 axb4 26.axb4 b6 27.Bd4 bxc5 28.bxc5 e5 
29.fxe5 dxe4 30.Nc3 Bf5 31.Rd2 Be7 32.Be3 Rd8 33.Ne2 Rxd2 34.Kxd2 Rd8+ 35.
Bd4 Bxc5 36.Ke3 Be7 37.e6 c5 38.Bxg7 Rd3+ 39.Kf4 Rf3+ 40.Ke5 Bg6 41.Nf4 
Bd6+ 42.Kxd6 Rxf4 43.Be5 Rf3 44.Rc1 Rd3+ 45.Ke7 e3 46.Kf6 Be8 47.g6 e2 48.
g7 Rd1 49.Rxc5+ Kb7 50.Bc3 Rf1+ 51.Ke7 Rg1 52.Kxe8 Rxg7 53.Re5 Rg2 54.e7 
Kc6 55.h3 Kd6 56.Re4 Kd5 57.Rxh4 Ke6 58.Kd8 1-0

[Event "Kvibergspelen 2017"]
[Site "Gothenburg"]
[Date "2017.05.05"]
[Round "3.1"]
[White "Rozentalis, Eduardas"]
[Black "Ask, Josef"]
[Result "1-0"]
[WhiteElo "2535"]
[BlackElo "2138"]

1.e4 e5 2.Nf3 Nc6 3.Bb5 g6 4.O-O Bg7 5.c3 Nge7 6.d4 exd4 7.cxd4 d5 8.exd5 
Nxd5 9.Re1+ Be6 10.Bg5 Qd6 11.Nc3 Nxc3 12.bxc3 O-O 13.Qd2 Bd5 14.Qe3 f6 
15.Bf4 Qd7 16.Nd2 Rae8 17.Qg3 Rxe1+ 18.Rxe1 Bxa2 19.Bxc7 Bh6 20.Ne4 a6 21.
Bd3 Bg7 22.Nc5 Qc8 23.h4 Bd5 24.h5 g5 25.Qd6 Bf7 26.Nd7 Re8 27.Rxe8+ Bxe8 
28.Bc4+ Bf7 29.h6 Bh8 30.Nxf6+ Bxf6 31.Qxf6 1-0

[Event "Kvibergspelen 2017"]
[Site "Gothenburg"]
[Date "2017.05.05"]
[Round "3.2"]
[White "Wahlund, Max"]
[Black "Tikkanen, Hans"]
[Result "0-1"]
[WhiteElo "2132"]
[BlackElo "2504"]

1.e4 e6 2.d4 d5 3.e5 c5 4.c3 Qb6 5.Nf3 Nc6 6.a3 Nh6 7.b4 cxd4 8.cxd4 Nf5 
9.Be3 Bd7 10.Be2 f6 11.exf6 gxf6 12.Nc3 Nxb4 13.Na4 Bxa4 14.Qxa4+ Nc6 15.
Bb5 Nd6 16.Rb1 a6 17.Bxc6+ Qxc6 18.Qxc6+ bxc6 19.Nd2 Nf5 20.Rb6 Bxa3 21.
Rxc6 Kd7 22.Rc3 Rhc8 23.Rxa3 Rc1+ 24.Ke2 Rxh1 25.Nb3 Nxe3 26.fxe3 Rxh2 27.
Kf3 e5 28.Nc5+ Kc6 29.Rc3 Kb5 30.Nd7 exd4 31.Rc5+ Kb4 32.Rxd5 dxe3 33.Rd4+
Kb5 34.Re4 Rg8 35.Rxe3 Rgxg2 36.Re6 Rf2+ 37.Kg3 Rhg2+ 38.Kh3 Rg6 39.Rb6+ 
Ka5 40.Rd6 Rf5 41.Kh4 Rf1 42.Rd5+ Kb4 43.Nb8 Rh1# 0-1

[Event "Kvibergspelen 2017"]
[Site "Gothenburg"]
[Date "2017.05.05"]
[Round "3.3"]
[White "Hector, Jonny"]
[Black "Borvander, Tom"]
[Result "1-0"]
[WhiteElo "2498"]
[BlackElo "2134"]

1.e4 e5 2.Nf3 Nc6 3.Bc4 Nf6 4.Qe2 Be7 5.d4 d6 6.dxe5 dxe5 7.O-O Bg4 8.c3 
O-O 9.h3 Bh5 10.Nbd2 a6 11.Rd1 Qc8 12.Nf1 Bxf3 13.Qxf3 b5 14.Bb3 Na5 15.
Ng3 Nxb3 16.axb3 Qe6 17.Nf5 g6 18.Nxe7+ Qxe7 19.Bg5 Kg7 20.Rd7 Qe6 21.Rxc7
Rfe8 22.Rd1 h6 23.Bxf6+ Qxf6 24.Qxf6+ Kxf6 25.Rdd7 Rf8 26.Kf1 Rad8 27.Rc6+
Kg5 28.Rxd8 Rxd8 29.Ke2 Ra8 30.g3 Ra7 31.b4 h5 32.Rc5 Kf6 33.f4 exf4 34.
gxf4 Ke6 35.Rc6+ Ke7 36.Ke3 a5 37.bxa5 Rxa5 38.Rb6 Ra1 39.Kf2 Rh1 40.Kg2 
Re1 41.Rxb5 Rxe4 42.Kf3 Ra4 43.Re5+ Kd6 44.b4 Ra3 45.Rc5 Ra1 46.Rc4 Rb1 
47.Rd4+ Ke6 48.Ke4 Re1+ 49.Kd3 Rh1 50.b5 Rxh3+ 51.Kc4 Rh1 52.b6 Rb1 53.Kc5
h4 54.f5+ Kxf5 55.Rxh4 g5 56.Rb4 Re1 57.b7 Re8 58.b8=Q Rxb8 59.Rxb8 Kf4 
60.Kd4 f5 61.c4 g4 62.c5 g3 63.c6 Kf3 64.c7 g2 65.Rg8 Ke4 1-0

[Event "Kvibergspelen 2017"]
[Site "Gothenburg"]
[Date "2017.05.05"]
[Round "3.4"]
[White "Petersson, Baldur Teodor"]
[Black "Akesson, Ralf"]
[Result "1/2-1/2"]
[WhiteElo "2094"]
[BlackElo "2460"]

1.e4 c6 2.d4 d5 3.Nc3 dxe4 4.Nxe4 Nd7 5.Ng5 Ngf6 6.Bd3 e6 7.Qe2 Bd6 8.N1f3
h6 9.Ne4 Nxe4 10.Qxe4 Nf6 11.Qh4 Ke7 12.Ne5 Bxe5 13.dxe5 Qa5+ 14.c3 Qxe5+ 
15.Be3 c5 16.O-O-O b6 17.Bf4 g5 18.Bxe5 gxh4 19.Bb5 Bb7 20.Bd6+ Kd8 21.
Be5+ Ke7 22.Bd6+ 1/2-1/2

[Event "Kvibergspelen 2017"]
[Site "Gothenburg"]
[Date "2017.05.05"]
[Round "3.5"]
[White "Westerberg, Jonathan"]
[Black "Sjoholm, Emil"]
[Result "1-0"]
[WhiteElo "2460"]
[BlackElo "2110"]

1.e4 e5 2.Nf3 Nc6 3.Nc3 Nf6 4.Be2 Be7 5.d4 exd4 6.Nxd4 d6 7.O-O O-O 8.Be3 
Re8 9.f4 Bf8 10.Bf3 Be6 11.Nxe6 fxe6 12.Qe2 Kh8 13.Rad1 Qe7 14.Bf2 e5 15.
Bh4 Nd4 16.Rxd4 exd4 17.Nd5 Qf7 18.Nxf6 gxf6 19.Bh5 Qe6 20.Bxe8 Rxe8 21.
Qh5 Qxe4 22.Re1 Qxe1+ 23.Bxe1 Rxe1+ 24.Kf2 Re7 25.Qf5 Kg7 26.g4 h6 27.h4 
Kf7 28.Qd5+ Kg7 29.Qxd4 c5 30.Qd5 a6 31.h5 Rf7 32.Qf5 Be7 33.Qg6+ Kf8 34.
Qxh6+ Ke8 35.Qg6 f5 36.g5 1-0

[Event "Kvibergspelen 2017"]
[Site "Gothenburg"]
[Date "2017.05.05"]
[Round "3.7"]
[White "Lindberg, Bengt"]
[Black "Sorensen, Hampus"]
[Result "1/2-1/2"]
[WhiteElo "2387"]
[BlackElo "2103"]

1.e4 e5 2.Nf3 Nc6 3.Bb5 a6 4.Ba4 Nf6 5.O-O Be7 6.Re1 b5 7.Bb3 O-O 8.c3 d5 
9.exd5 Nxd5 10.Nxe5 Nxe5 11.Rxe5 c6 12.d4 Bd6 13.Re1 Qh4 14.g3 Qh3 15.Re4 
g5 16.Qf1 Qh5 17.Nd2 Bf5 18.f3 Nf6 19.a4 Nxe4 20.fxe4 Be6 21.Bd1 Bg4 22.
Bxg4 Qxg4 23.Qf6 Bxg3 24.hxg3 Qxg3+ 25.Kf1 g4 26.e5 Rae8 27.Qg5+ Kh8 28.
Qf6+ Kg8 29.Qg5+ Kh8 30.Qf6+ 1/2-1/2

[Event "Kvibergspelen 2017"]
[Site "Gothenburg"]
[Date "2017.05.05"]
[Round "3.8"]
[White "Arman, Deniz"]
[Black "Wallgren, Ulf"]
[Result "1-0"]
[WhiteElo "2377"]
[BlackElo "2088"]

1.e4 d5 2.exd5 Qxd5 3.Nc3 Qd8 4.d4 Nf6 5.Bc4 a6 6.Nf3 b5 7.Bb3 c5 8.dxc5 
Qxd1+ 9.Nxd1 e6 10.a4 b4 11.a5 Bxc5 12.Ba4+ Ke7 13.Ne5 Bb7 14.Nd3 Bd6 15.
Ne3 Be4 16.Bd2 Bxd3 17.cxd3 Nbd7 18.Bc6 Rab8 19.d4 Rhc8 20.Rc1 g6 21.Ke2 
e5 22.dxe5 Nxe5 23.Ba4 Ne4 24.Nd5+ Ke6 25.Bb3 Nxd2 26.Kxd2 Kf5 27.f3 g5 
28.h4 Rxc1 29.Ne3+ Kf4 30.Rxc1 gxh4 31.Rh1 Ng6 32.Rh3 Bc5 33.Nd5+ Ke5 34.
Nc7 Nf4 35.Rxh4 Rd8+ 36.Kc2 Be3 37.Bc4 Rd2+ 38.Kb3 Nxg2 39.Re4+ Kf5 40.
Nxa6 Bd4 41.Nxb4 Rxb2+ 42.Ka4 h5 43.Rxd4 h4 44.Nd3 Rb1 45.Rd5+ Kg6 46.Ne5+
1-0

[Event "Kvibergspelen 2017"]
[Site "Gothenburg"]
[Date "2017.05.05"]
[Round "3.9"]
[White "Bergre, Joachim"]
[Black "Andreasson, Ingvar"]
[Result "1/2-1/2"]
[WhiteElo "2082"]
[BlackElo "2356"]

1.c4 g6 2.g3 Bg7 3.Bg2 c5 4.Nc3 Nc6 5.a3 d6 6.Rb1 h5 7.h4 Nh6 8.Nf3 O-O 9.
b4 Bf5 10.e4 Bg4 11.Nd5 cxb4 12.axb4 b5 13.cxb5 Nd4 14.Ne3 Nxb5 15.O-O Rc8
16.Bb2 Bxb2 17.Rxb2 Bd7 18.Nd5 Ng4 19.Rc2 e6 20.Rxc8 Bxc8 21.Ne3 Nf6 22.
Ng5 Qb6 23.Qa1 e5 24.Nc4 Qb8 25.d3 Ng4 26.Nf3 Be6 27.Rc1 f6 28.Na5 Qb6 29.
Qb2 Rc8 30.Rxc8+ Bxc8 31.Nh2 Nxh2 32.Kxh2 Be6 33.Qc2 Nd4 34.Qa4 Kf7 35.Nc4
Qc7 36.Qa6 Ke7 37.Bh3 f5 38.exf5 gxf5 39.Ne3 f4 40.Nc4 fxg3+ 41.fxg3 Nf3+ 
42.Kg2 Bd5 43.Kf2 Nd4 44.Bg2 Bxg2 45.Kxg2 Qc6+ 46.Qxc6 Nxc6 47.b5 Nb4 48.
Nb2 Ke6 49.Kf3 Kf5 50.Nc4 d5 51.Nd6+ Ke6 52.Nc8 Nxd3 53.Nxa7 d4 54.Nc6 Nc5
55.Nb4 Kf5 56.b6 e4+ 57.Kf2 Kg4 58.Nc6 d3 59.Ke3 Kxg3 60.Nd8 Kxh4 61.Ne6 
Nb7 62.Nf4 Kg4 63.Nd5 Kf5 64.Nc3 d2 65.Kxd2 Kf4 66.Ke2 h4 67.Nd5+ Ke5 68.
Ne3 h3 69.Nf1 Kd4 70.Kf2 Kd3 71.Kg3 Ke2 72.Nh2 e3 73.Ng4 Kd2 74.Nxe3 Kxe3 
1/2-1/2

[Event "Kvibergspelen 2017"]
[Site "Gothenburg"]
[Date "2017.05.05"]
[Round "3.10"]
[White "Svensson, Leif"]
[Black "Welin, Mats"]
[Result "0-1"]
[WhiteElo "2071"]
[BlackElo "2336"]

1.d4 Nf6 2.Nc3 d5 3.Bg5 Nbd7 4.Qd3 c5 5.O-O-O c4 6.Qf3 Qa5 7.Kb1 Ne4 8.Bd2
Nxd2+ 9.Rxd2 Nf6 10.h3 e6 11.e4 Bb4 12.exd5 Bxc3 13.Qxc3 Qxc3 14.bxc3 Ne4 
0-1

[Event "Kvibergspelen 2017"]
[Site "Gothenburg"]
[Date "2017.05.05"]
[Round "4.1"]
[White "Bellon Lopez, Juan"]
[Black "Rozentalis, Eduardas"]
[Result "1/2-1/2"]
[WhiteElo "2324"]
[BlackElo "2535"]

1.d4 Nf6 2.Bg5 d5 3.Bxf6 exf6 4.e3 c6 5.c4 dxc4 6.Bxc4 Bd6 7.Nc3 O-O 8.Nf3
Nd7 9.Qc2 Nb6 10.Bd3 h6 11.Ng1 1/2-1/2

[Event "Kvibergspelen 2017"]
[Site "Gothenburg"]
[Date "2017.05.05"]
[Round "4.2"]
[White "Tikkanen, Hans"]
[Black "Rydstrom, Tom"]
[Result "1-0"]
[WhiteElo "2504"]
[BlackElo "2312"]

1.d4 d5 2.Bf4 Nf6 3.e3 e6 4.Bd3 Bd6 5.Bg3 O-O 6.Nd2 c5 7.c3 Nc6 8.Ngf3 b6 
9.Ne5 Bb7 10.f4 Rc8 11.O-O Ne7 12.Qf3 Nf5 13.Bf2 Be7 14.Qh3 Ne4 15.Nxe4 
dxe4 16.Bc4 Nd6 17.Bb3 c4 18.Bc2 f5 19.g4 Nf7 20.Nxf7 Rxf7 21.gxf5 exf5 
22.Kh1 Rc6 23.Rg1 Kh8 24.Rg3 Rh6 25.Qg2 Bd5 26.Rg1 Bf6 27.Rh3 Rxh3 28.Qxh3
Qd7 29.Bh4 Kg8 30.Bd1 Qe7 31.Qxf5 Be6 32.Bxf6 Bxf5 33.Bxe7 Rxe7 34.Bg4 
Bxg4 35.Rxg4 h6 36.Rg6 b5 37.Rc6 Kf7 38.Kg2 g5 39.fxg5 hxg5 40.Kg3 1-0

[Event "Kvibergspelen 2017"]
[Site "Gothenburg"]
[Date "2017.05.05"]
[Round "4.3"]
[White "Nyander, Joakim"]
[Black "Hector, Jonny"]
[Result "1/2-1/2"]
[WhiteElo "2222"]
[BlackElo "2498"]

1.c4 e5 2.g3 c6 3.d4 exd4 4.Qxd4 Na6 5.Bg2 Nf6 6.Nf3 Bc5 7.Qe5+ Be7 8.O-O 
O-O 9.Nc3 Re8 10.Qf4 Nc5 11.Rd1 d5 12.cxd5 cxd5 13.Be3 Nce4 14.Nxd5 Nxd5 
15.Qxe4 Be6 16.Bd4 Qa5 17.a3 h6 18.Rac1 Rad8 19.Be5 Bf8 20.Qc2 Rc8 21.Qb1 
Nb6 22.Bc3 Qh5 23.Nd4 Bd5 24.e4 Bc4 25.Re1 Na4 26.Bd2 Ba6 27.b4 b5 28.Be3 
Nb6 29.Rxc8 Rxc8 30.Nf5 Nc4 31.Bd4 Nxa3 32.Qa2 Nc2 33.Qxa6 Nxe1 34.Qxc8 
Qd1 35.Bf1 Nf3+ 36.Kg2 Ne1+ 37.Kg1 Nf3+ 38.Kg2 Ne1+ 39.Kg1 Nf3+ 40.Kg2 
1/2-1/2

[Event "Kvibergspelen 2017"]
[Site "Gothenburg"]
[Date "2017.05.05"]
[Round "4.4"]
[White "Nygren, Kim"]
[Black "Westerberg, Jonathan"]
[Result "0-1"]
[WhiteElo "2200"]
[BlackElo "2460"]

1.e4 c5 2.Nf3 e6 3.d4 cxd4 4.Nxd4 a6 5.Nc3 b5 6.Bd3 Qb6 7.Be3 Bc5 8.Be2 
Nc6 9.Nxc6 dxc6 10.Bxc5 Qxc5 11.Qd3 Nf6 12.f4 e5 13.f5 O-O 14.O-O-O b4 15.
Na4 Qa5 16.b3 c5 17.g4 Bb7 18.Bf3 Bc6 19.g5 Nd7 20.g6 Bxa4 21.bxa4 Nb6 22.
gxh7+ Kh8 23.f6 g6 24.Qe3 Kxh7 25.Rhg1 Qxa4 26.Rg3 Qa3+ 27.Qxa3 bxa3 28.h4
Rad8 29.Rh1 Kh6 30.Be2 Rd6 31.h5 g5 32.Rf1 Nd7 33.Rxa3 Nxf6 34.Rf5 Nxe4 
35.Rxe5 f5 36.Bd3 Ng3 37.Rxc5 Kxh5 38.Bxa6 f4 39.Raa5 Kh4 40.Bb7 Ne2+ 41.
Kb2 Rb8 42.Rab5 Nd4 43.Rb4 Rd7 44.Kc3 Ne2+ 45.Kc4 Rd4+ 0-1